Koneser - ARCHIWUM X - Statystyki

Ogólne statystyki
  • Ten quiz został rozwiązany 3 razy
  • Średni wynik to 6 z 12
Statystyki odpowiedzi
ARCHIWUM X % Poprawnych
BEZE MNIE NIE MACIE NIC
100%
INTRO
100%
OUTRO
100%
CHCIAŁBYM ZAPOMNIEĆ
50%
CO W RĄCZKI WPADNIE
50%
JACUZZE
50%
NIE BĘDZIE OK
50%
PANZERFAUST
50%
DRUGA DOBA
0%
KILKA DNI
0%
NIE MA STĄD UCIESZKI
0%
TRUDNE KINO
0%
Nie znaleziono quizów pasujących do podanych kryteriów
Rozkład punktacji
Procent ludzi z każdym wynikiem
Percentyl według liczby udzielonych odpowiedzi
Twoja historia wyników
Nie rozwiązałeś tego quizu